Alle WWE Champions - Statistiken

Allgemein
  • Dieses Quiz wurde 1.702 mal gespielt
  • Das Durchschnittsergebnis liegt bei 29 aus 54
Antwortstatistiken
Nr. Regentschaften Letzter Gewinn Name % Korrekt
33 13 2017 John Cena
95%
46 4 Aktueller Champion Roman Reigns
90%
14 4 2002 The Undertaker
90%
36 10 2020 Randy Orton
85%
25 9 2016 Triple H
85%
30 7 2022 Brock Lesnar
84%
9 6 2002 Hulk Hogan
81%
45 2 2016 Seth Rollins
81%
23 8 2013 The Rock
80%
42 1 2011 Rey Mysterio
78%
22 1 1998 Kane
76%
19 3 1997 Shawn Michaels
74%
34 4 2009 Edge
71%
38 2 2010 Batista
69%
21 6 2001 Steve Austin
69%
47 1 2016 Dean Ambrose
68%
27 2 2002 Big Show
66%
15 2 1992 Ric Flair
66%
41 2 2011 CM Punk
63%
51 1 2019 Kofi Kingston
62%
40 2 2021 The Miz
62%
16 5 1997 Bret Hart
60%
48 2 2017 AJ Styles
59%
52 2 2020 Drew McIntyre
57%
39 3 2015 Sheamus
57%
54 1 2021 Big E
55%
49 1 2017 Bray Wyatt
55%
44 4 2018 Daniel Bryan
54%
10 1 1988 André the Giant
52%
53 2 2022 Bobby Lashley
52%
37 1 2008 Jeff Hardy
52%
29 1 2001 Chris Jericho
50%
43 2 2011 Alberto Del Rio
49%
50 1 2017 Jinder Mahal
48%
26 1 1999 Vince McMahon
48%
31 1 2004 Eddie Guerrero
46%
12 1 1990 The Ultimate Warrior
46%
28 4 2003 Kurt Angle
44%
24 3 1999 Mankind
43%
11 2 1992 Randy Savage
43%
2 2 1973 Bruno Sammartino
39%
17 2 1993 Yokozuna
39%
32 1 2004 John Bradshaw Layfield
38%
18 1 1994 Diesel
36%
35 1 2006 Rob Van Dam
28%
7 2 1994 Bob Backlund
26%
20 2 1997 Sycho Sid
22%
13 1 1991 Sgt. Slaughter
20%
8 1 1983 The Iron Sheik
18%
1 1 1963 Buddy Rodgers
12%
4 1 1971 Pedro Morales
12%
6 1 1977 Billy Graham
9%
3 1 1971 Ivan Koloff
9%
5 1 1973 Stan Stasiak
6%
Keine übereinstimmenden Quizze gefunden
Verteilung der Resultate
Anzahl Personen mit jedem Resultat
Perzentil nach korrekt beantworteten Fragen
Ihre Resultats-Entwicklung
Sie haben dieses Quiz noch nicht gespielt